MARC

LEADER 00000nam0a2200000 4500
001 280078
005 20231101235254.0
020 |a RU  |b 86-40404 
035 |a (RuTPU)RU\TPU\book\303387 
090 |a 280078 
100 |a 20141225d1986 k y0rusy5003 ca 
101 0 |a rus 
102 |a RU 
105 |a a z 001zy 
200 1 |a Кулачковые механизмы переменной структуры  |f А. М. Ярунов 
210 |a Иркутск  |c Изд-во Иркутского ун-та  |d 1986 
215 |a 166 с.  |c ил.  |d 20 см 
320 |a Библиогр.: с. 160-166 (72 назв.) 
606 1 |a Кулачковые механизмы  |x Динамический расчет  |2 stltpush  |3 (RuTPU)RU\TPU\subj\16715  |9 42656 
610 1 |a толкатели 
610 1 |a бурильные электромолотки 
610 1 |a применение 
610 1 |a машины 
610 1 |a автоматическое регулирование 
610 1 |a конструкции 
610 1 |a компоновка 
610 1 |a объекты исследования 
610 1 |a анализ 
610 1 |a синтез 
610 1 |a профили 
610 1 |a схемы 
610 1 |a звенья 
610 1 |a движение 
610 1 |a уравнения 
610 1 |a монографии 
675 |a 621.835.001  |z rus  |v 4 
700 1 |a Ярунов  |b А. М.  |g Анатолий Михайлович  |4 070 
801 0 |a RU  |b RuMRKP  |c 19950704  |g psbo 
801 1 |a RU  |b 63413507  |c 20141225 
801 2 |a RU  |b 63413507  |c 20180206  |g RCR 
942 |c BK